Varujúca a súčasne optimistická hra

Bibliographic Details
Main Author: Grega, Ľubomír (Author)
Corporate Authors: Anno Humanitatis (Author), Divadielko pod kupolou (Author)
Format: Article
Language:Slovak
Subjects:

MARC

LEADER 00000nab a2200000 a 4500
001 vtls000913706
003 SK-MaSNL
005 20260303195754.0
008 040720e19911214xo 0 slo
035 |a KE22605 
040 |a KEVKJB  |b slo  |c KEVKJB  |e AACR2 
041 0 |a slo 
044 |a xo  |c SK 
080 |a 792.077  |2 1981 
100 1 |a Grega, Ľubomír  |4 aut  |9 355455 
245 1 0 |a Varujúca a súčasne optimistická hra 
600 1 7 |a Gažo, Peter ml.  |2 SNK  |9 1229175 
610 2 7 |a Anno Humanitatis  |2 SNKKA  |9 1229176 
610 2 7 |a Divadielko pod kupolou  |2 SNKKA  |9 232537 
650 0 7 |a ochotnícke divadlo  |2 SNKPH  |9 3349 
650 0 7 |a inscenácie  |2 SNKPH  |9 879596 
651 7 |a KE,  |2 KEVKJB  |9 877256 
655 7 |a periodikum  |2 SNKPH  |9 29553 
710 2 |a Anno Humanitatis  |4 aut  |9 1229176 
710 2 |a Divadielko pod kupolou  |4 aut  |9 232537 
773 0 8 |t Slovenský východ  |g Roč. 1  |g Roč. 20, č.162, 14.12.1991, s. 5 
852 |a ZVYKNI  |b KIS3GCP 
999 |c 2164782  |d 2166712